000 01653cam a2200445 i 4500
001 data
005 20260322212108.0
008 data
035 _a21533359
906 _a7
_bcbc
_cpccadap
_d3
_encip
_f20
_gy-gencatlg
925 0 _aacquire
_b1 shelf copy
_xpolicy default
010 _a 2021373643
020 _a9789958747663
020 _a9958747669
035 _a(OCoLC)1196044695
040 _aZCU
_beng
_cZCU
_erda
_dDLC
_dOCLCO
_dDLC
042 _apcc
050 0 0 _aBS571
_b.T66 2019
100 1 _aTomašević, Darko,
_eauthor.
245 1 0 _aŽivot, ljudi i običaji u Bibliji /
_cDarko Tomašević.
264 1 _aZagreb :
_bGlas Koncila,
_aZagreb :
_bGlas Koncila,
_c2019.
300 _a250 pages ;
_c24 cm
336 _atext
_btxt
_2rdacontent
337 _aunmediated
_bn
_2rdamedia
338 _avolume
_bnc
_2rdacarrier
490 1 _aRadovi ;
_v29
504 _aIncludes bibliographical references (pages 237-249).
630 0 0 _aBible
_vBiography.
630 0 0 _aBible.
630 0 6 _aBible
_vBiographies.
630 0 6 _aBible.
630 0 7 _aBible
_2fast
_0(OCoLC)fst01356024
655 7 _aBiographies
_2fast
_0(OCoLC)fst01919896
655 7 _aBiographies.
_2lcgft
_0https://id.loc.gov/authorities/genreForms/gf2014026049
710 2 _aKatolički bogoslovni fakultet (Sarajevo, Bosnia and Herzegovina),
_eissuing body.
830 0 _aRadovi (Katolički bogoslovni fakultet (Sarajevo, Bosnia and Herzegovina)) ;
_v29.
999 _c1610
_d1610